La laguna encantada : (Record no. 195332)

MARC details
000 -CABECERA
campo de control de longitud fija 00809nam a2200229 u 4500
005 - FECHA Y HORA DE LA ÚLTIMA TRANSACCIÓN
campo de control 20240228064326.0
008 - ELEMENTOS DE LONGITUD FIJA--INFORMACIÓN GENERAL
campo de control de longitud fija 180228s2006 br r 000 0 spa d
020 ## - NÚMERO INTERNACIONAL NORMALIZADO PARA LIBROS
Número Internacional Estándar del Libro 8506046823
035 ## - NÚMERO DE CONTROL DEL SISTEMA
Número de control de sistema UPN01000223235
049 ## - COLECCIÓN
Colección I
050 #4 - SIGNATURA TOPOGRÁFICA DE LA BIBLIOTECA DEL CONGRESO
Número de clasificación BJ1631
Número de documento/Ítem E5.4
100 1# - ASIENTO PRINCIPAL--NOMBRE PERSONAL
Nombre de persona Engel Secco, Patrícia
9 (RLIN) 32787
245 13 - MENCIÓN DE TÍTULO
Título La laguna encantada :
Resto del título una historia sobre el respeto /
Mención de responsabilidad, etc. Patricia Engel Secco ; il. Edu A. Engel ; tr. Elsa Bailón.
260 ## - PUBLICACIÓN, DISTRIBUCIÓN, ETC.
Lugar de publicación, distribución, etc. Sâo Paulo, Br. :
Nombre del editor, distribuidor, etc. Melhoramentos,
Fecha de publicación, distribución, etc. 2006.
300 ## - DESCRIPCIÓN FÍSICA
Extensión [16] p. :
Otras características físicas il. col.
534 ## - NOTA SOBRE LA VERSIÓN ORIGINAL
Frase introductoria Título original:
Mención de título del original A lagoa encantada : una história sobre respeito
650 #4 - ASIENTO SECUNDARIO DE MATERIA - TERMINO TEMATICO
Término de materia o nombre geográfico como elemento de entrada VALORES -
Subdivisión de forma LITERATURA INFANTIL
9 (RLIN) 21634
650 #4 - ASIENTO SECUNDARIO DE MATERIA - TERMINO TEMATICO
Término de materia o nombre geográfico como elemento de entrada LITERATURA INFANTIL BRASILEÑA
9 (RLIN) 11916
650 #4 - ASIENTO SECUNDARIO DE MATERIA - TERMINO TEMATICO
Término de materia o nombre geográfico como elemento de entrada Libros y lectura para niños
9 (RLIN) 2290
905 ## - TIPO DE MATERIAL
Tipo de material Infantil
Holdings
Estado de retiro Estado de pérdida Fuente del sistema de clasificación o colocación Estado dañado No para préstamo Código de colección Localización permanente Ubicación/localización actual Ubicación en estantería Fecha de adquisición Clasificación Código de barras Fecha visto por última vez Número de copia Tipo de ítem Koha
    Library of Congress Classification     Infantil Bib. Gregorio Torres Quintero Bib. Gregorio Torres Quintero Sala infantil Planta baja 10/05/2023 BJ1631 E5.4 317194 31/12/2020 1 Libro